000 00930nam a2200241 a 4500
001 BRCA_6139
005 20190320205339.0
008 090910s2011----ne-o######---#000-0#spa-#
020 _a9789053307564
041 _aspa
044 _ane
050 4 _aTR820
_b.W67 2011
245 1 0 _aWorld Press Photo 11
_cedición de textos Cristina Rodríguez Fischer ; traducción René Heijkoop.
260 _aÁmsterdam, Países Bajos
_bStiching World Press Photo
_c2011
300 _a155 p.
_bil. (algunas a color)
_c30 cm.
500 _aIncluye lista de participantes del concurso 2011
500 _aCatálogo de la exposición realizada en el Museo Franz Mayer (Ciudad de México), 18 junio - 17 julio, 2011
650 1 4 _aFotoperiodismo
_vExposiciones
_xPremios
_95406
650 1 4 _aFotografía
_vExposiciones
_xPremios
_95407
700 1 _aRodríguez Fischer, Cristina
_911352
700 1 _aHeijkoop, René
_etr.
_911353
942 _2lcc
_cB
999 _c5826
_d5826